MLB Year in Review 1991 - Statistics

General Stats
  • This quiz has been taken 5 times
    4 since last reset
  • The average score is 18 of 25
Answer Stats
Category Answer % Correct
World Series Loser Atlanta Braves
100%
RBI Leader (133 DET) Cecil Fielder
100%
ERA Leader (2.39 MON) Dennis Martínez
100%
Home Run Leader (44 OAK, DET) Jose Canseco | Cecil Fielder
100%
Saves Leader (47 STL) Lee Smith
100%
World Series Winner Minnesota Twins
100%
NLCS Loser Pittsburgh Pirates
100%
Best Record (98-64) Pittsburgh Pirates
100%
AL Cy Young (BOS) Roger Clemens
100%
Strike Outs Leader (241 BOS, NYM) Roger Clemens | David Cone
100%
Wins Leader (20 MIN, ATL, DET, PIT) Scott Erickson | Tom Glavine | Bill Gullickson | John Smiley
100%
NL Cy Young (ATL) Tom Glavine
100%
ALCS Loser Toronto Blue Jays
100%
AL MVP (BAL) Cal Ripken Jr.
67%
WAR Leader (11.5 BAL) Cal Ripken Jr.
67%
Worst Record (57-105) Cleveland Indians
67%
Hits Leader (216 MIL) Paul Molitor
67%
Doubles Leader (49 TEX) Rafael Palmeiro
67%
Name 1 HOF Inductee (RC, FJ, TL, GP) Rod Carew | Fergie Jenkins | Tony Lazzeri | Geylord Perry
67%
AL Rookie of the Year (MIN) Chuck Knoblauch
33%
NL Rookie of the Year (HOU) Jeff Bagwell
33%
Batting Champion (.341 TEX) Julio Franco
33%
Stolen Base Leader (76 MON) Marquis Grissom
0%
Triples Leader (15 STL) Ray Lankford
0%
NL MVP (ATL) Terry Pendleton
0%
No matching quizzes found
Score Distribution
Percent of People with Each Score
Percentile by Number Answered
Your Score History
You have not taken this quiz since the last reset